000 00570nam a22002057a 4500
005 20010101010738.0
008 010101b xxu||||| |||| 00| 0 eng d
020 _a9780571143726
_c999
040 _aLoreto College
041 _aEnglish
082 _a821.91
_bHEA
100 _aHeaney, Seamus
245 _aNew selected poems
_b1966-1987
_cSeamus Heaney
260 _aLondon
_bFaber and Faber
_c1987
300 _ax,245p
_b23 cm
504 _aIncludes index
650 _aPoetry in English
_xEnglish Literature
_yModern-20th Century
850 _aLCLIB
942 _cBK
999 _c39958
_d90437